[Event "DEN-chT 2223 60th"]
[Site "Denmark"]
[Date "2023.01.15"]
[Round "6.2"]
[White "Rostgaard, Tobias Valentin"]
[Black "Christensen, Stefan"]
[Result "1-0"]
[WhiteElo "2323"]
[BlackElo "2293"]
[PlyCount "73"]
[EventDate "2022.10.29"]
[EventType "team-tourn"]
[EventRounds "9"]
[EventCountry "DEN"]
[SourceTitle "CBM 213 Extra"]
[Source "ChessBase"]
[SourceDate "2023.05.31"]
[SourceVersion "1"]
[SourceVersionDate "2023.05.31"]
[SourceQuality "1"]
[WhiteTeam "BMS"]
[BlackTeam "Obro"]
[WhiteTeamCountry "DEN"]
[BlackTeamCountry "DEN"]

1. e4 e6 2. d4 d5 3. Nd2 c5 4. Ngf3 cxd4 5. exd5 Qxd5 6. Bc4 Qd7 7. 0-0 Nc6 8. Nb3 Nf6 9. Nbxd4 Nxd4 10. Nxd4 a6 11. Re1 Qc7 12. Bf1 b5 13. a4 b4 14. a5 Bb7 15. c3 Bd6 16. Qa4+ Kf8 17. h3 h5 18. Rxe6 Bh2+ 19. Kh1 Ng4 20. hxg4 hxg4 21. Rh6 gxh6 22. Qxb4+ Bd6 23. Bf4 Bxb4 24. Bxc7 Bc5 25. Be5 Rg8 26. b4 Bxd4 27. Bxd4 Ke7 28. Re1+ Kd7 29. Rd1 Bd5 30. Bc5 Kc6 31. c4 Be6 32. g3 Rac8 33. Bg2+ Kc7 34. Bb6+ Kb8 35. b5 Bxc4 36. Rd7 Rce8 37. Ra7 1-0

[Event "DEN-chT 2122 59th"]
[Site "Denmark"]
[Date "2022.03.20"]
[Round "9.3"]
[White "Christensen, Stefan"]
[Black "Thybo, Jesper Sondergaard"]
[Result "1-0"]
[WhiteElo "2266"]
[BlackElo "2602"]
[PlyCount "73"]
[EventDate "2021.10.30"]
[EventType "team-tourn"]
[EventRounds "9"]
[EventCountry "DEN"]
[SourceTitle "EXT 2023"]
[Source "ChessBase"]
[SourceDate "2022.10.05"]
[SourceVersion "1"]
[SourceVersionDate "2022.10.05"]
[SourceQuality "1"]
[WhiteTeam "Jetsmark"]
[BlackTeam "Koge Xtracon"]
[WhiteTeamCountry "DEN"]
[BlackTeamCountry "DEN"]

1. e4 c5 2. Nf3 Nc6 3. d4 cxd4 4. Nxd4 Nf6 5. Nc3 d6 6. Bc4 Qb6 7. Nxc6 bxc6 8. 0-0 g6 9. Kh1 Bg7 10. f4 0-0 11. Qe2 Nd7 12. Re1 a5 13. a4 e6 14. Bb3 Nc5 15. e5 Nxb3 16. cxb3 d5 17. Be3 Qxb3 18. Bc5 Ba6 19. Qf2 Rfb8 20. Nb5 cxb5 21. Ra3 Qc4 22. Rc3 Qxa4 23. b3 b4 24. bxa4 bxc3 25. h3 Rb4 26. Bxb4 axb4 27. Qb6 Bc4 28. Qxb4 c2 29. Qc3 Rxa4 30. Qxc2 Ra2 31. Qc3 Bh6 32. Qd4 Bf8 33. Rb1 Kg7 34. f5 gxf5 35. Qh4 Ra8 36. Qf6+ Kg8 37. Rb7 1-0

[Event "DEN-chT 2122 59th"]
[Site "Denmark"]
[Date "2022.02.27"]
[Round "7.5"]
[White "Olsen, Filip Boe"]
[Black "Christensen, Stefan"]
[Result "1/2-1/2"]
[WhiteElo "2357"]
[BlackElo "2266"]
[PlyCount "78"]
[EventDate "2021.10.30"]
[EventType "team-tourn"]
[EventRounds "9"]
[EventCountry "DEN"]
[SourceTitle "EXT 2023"]
[Source "ChessBase"]
[SourceDate "2022.10.05"]
[SourceVersion "1"]
[SourceVersionDate "2022.10.05"]
[SourceQuality "1"]
[WhiteTeam "Skanderborg Nordea"]
[BlackTeam "Jetsmark"]
[WhiteTeamCountry "DEN"]
[BlackTeamCountry "DEN"]

1. d4 Nf6 2. c4 e6 3. Nc3 Bb4 4. e3 b6 5. Nge2 Ne4 6. Qc2 Bb7 7. a3 Bxc3+ 8. Nxc3 Nxc3 9. Qxc3 0-0 10. Bd2 Qh4 11. Qd3 d6 12. Qe2 a5 13. 0-0-0 a4 14. f3 Nc6 15. Be1 Qe7 16. Qc2 e5 17. Bd3 h6 18. Kb1 Qe8 19. Bc3 Na5 20. dxe5 dxe5 21. Bb4 c5 22. Bxa5 bxa5 23. Be4 Rb8 24. Rd6 Bxe4 25. fxe4 Rb3 26. Rd3 Qa8 27. Rhd1 Rfb8 28. Rxb3 Rxb3 29. Rd5 Qb7 30. Qf2 Qe7 31. Qf5 g6 32. Qc8+ Kg7 33. Rd7 Qh4 34. Rd8 Qxe4+ 35. Ka1 Rd3 36. Rxd3 Qxd3 37. Qxc5 Qd1+ 38. Ka2 Qb3+ 39. Ka1 Qd1+ 1/2-1/2

[Event "DEN-chT 1819 57th"]
[Site "Denmark"]
[Date "2019.03.17"]
[Round "9.3"]
[White "Hoi, Carsten"]
[Black "Christensen, Stefan"]
[Result "1-0"]
[WhiteElo "2383"]
[BlackElo "2259"]
[PlyCount "69"]
[EventDate "2018.10.27"]
[EventType "team-tourn"]
[EventRounds "9"]
[EventCountry "DEN"]
[SourceTitle "CBM 189 Extra"]
[Source "ChessBase"]
[SourceDate "2019.06.03"]
[SourceVersion "1"]
[SourceVersionDate "2019.06.03"]
[SourceQuality "1"]
[WhiteTeam "Bronshoj"]
[BlackTeam "Jetsmark"]
[WhiteTeamCountry "DEN"]
[BlackTeamCountry "DEN"]

1. Nf3 Nf6 2. c4 b6 3. Nc3 Bb7 4. d4 e6 5. a3 d5 6. Bg5 Be7 7. e3 0-0 8. Bd3 dxc4 9. Bxc4 Nbd7 10. 0-0 c5 11. Qe2 cxd4 12. exd4 Re8 13. Rfd1 Nd5 14. Bxd5 Bxd5 15. Nxd5 exd5 16. Bxe7 Qxe7 17. Qb5 Qd6 18. Rac1 Rac8 19. g3 f6 20. Qa6 Rc7 21. Rxc7 Qxc7 22. Qb5 Qb7 23. Rc1 Re6 24. Nh4 g6 25. Ng2 Re4 26. Qb4 Ne5 27. Qd6 Nc4 28. Qxf6 Qf7 29. Qg5 Rxd4 30. b3 Nd6 31. Qe5 Rd2 32. Nf4 Qf8 33. Rc7 Nf7 34. Qe6 Kg7 35. Qe1 1-0

[Event "DEN-chT 1819 57th"]
[Site "Denmark"]
[Date "2019.01.13"]
[Round "6.4"]
[White "Christensen, Stefan"]
[Black "Lauridsen, Jesper Morch"]
[Result "1/2-1/2"]
[WhiteElo "2259"]
[BlackElo "2221"]
[PlyCount "112"]
[EventDate "2018.10.27"]
[EventType "team-tourn"]
[EventRounds "9"]
[EventCountry "DEN"]
[SourceTitle "CBM 188 Extra"]
[Source "ChessBase"]
[SourceDate "2019.02.26"]
[SourceVersion "1"]
[SourceVersionDate "2019.02.26"]
[SourceQuality "1"]
[WhiteTeam "Jetsmark"]
[BlackTeam "Copenhagen 68"]
[WhiteTeamCountry "DEN"]
[BlackTeamCountry "DEN"]

1. e4 c5 2. Nf3 Nc6 3. Bb5 d6 4. 0-0 Bd7 5. Re1 Nf6 6. c3 a6 7. Ba4 b5 8. Bc2 Bg4 9. h3 Bxf3 10. Qxf3 g6 11. a4 Rb8 12. axb5 axb5 13. Na3 Nd7 14. Qe2 Qb6 15. d3 Bg7 16. Be3 0-0 17. Qd2 b4 18. Nc4 Qc7 19. Bh6 bxc3 20. bxc3 Nce5 21. Bxg7 Kxg7 22. Ne3 Nf6 23. f4 Ned7 24. Nc4 d5 25. exd5 Nxd5 26. f5 gxf5 27. Qg5+ Kh8 28. Qxf5 e6 29. Qh5 Rg8 30. Qf3 Rg7 31. Re4 N7f6 32. Re5 Rbg8 33. Rf1 Rg3 34. Qf2 Nd7 35. d4 Rxg2+ 36. Qxg2 Rxg2+ 37. Kxg2 Nxe5 38. dxe5 Qe7 39. Rf3 Qg5+ 40. Rg3 Qf4 41. Bd3 f6 42. Rf3 Qg5+ 43. Rg3 Qh5 44. exf6 Nf4+ 45. Kf2 Nxd3+ 46. Rxd3 Qh4+ 47. Kg2 Qe4+ 48. Rf3 Qxc4 49. f7 Qe2+ 50. Kg3 Qxf3+ 51. Kxf3 Kg7 52. Kf4 Kxf7 53. Ke5 Ke7 54. h4 h5 55. c4 Kd7 56. Ke4 Ke7 1/2-1/2

[Event "DEN-chT 1819 57th"]
[Site "Denmark"]
[Date "2019.01.12"]
[Round "5.5"]
[White "Rozentalis, Eduardas"]
[Black "Christensen, Stefan"]
[Result "1-0"]
[WhiteElo "2522"]
[BlackElo "2259"]
[PlyCount "101"]
[EventDate "2018.10.27"]
[EventType "team-tourn"]
[EventRounds "9"]
[EventCountry "DEN"]
[SourceTitle "CBM 188 Extra"]
[Source "ChessBase"]
[SourceDate "2019.02.26"]
[SourceVersion "1"]
[SourceVersionDate "2019.02.26"]
[SourceQuality "1"]
[WhiteTeam "Koge Xtracon"]
[BlackTeam "Jetsmark"]
[WhiteTeamCountry "DEN"]
[BlackTeamCountry "DEN"]

1. e4 e6 2. d4 d5 3. Nd2 c5 4. Ngf3 cxd4 5. Nxd4 Nc6 6. Bb5 Bd7 7. Nxc6 bxc6 8. Bd3 Bd6 9. Qe2 Qc7 10. Nf3 Ne7 11. e5 Bc5 12. 0-0 Ng6 13. Bd2 0-0 14. Rae1 Be7 15. h4 f6 16. exf6 gxf6 17. Nd4 e5 18. h5 Nh4 19. g3 exd4 20. gxh4 Bd6 21. Qf3 Kh8 22. Kh1 f5 23. Bg5 Rf7 24. Rg1 c5 25. Qg2 Bc6 26. Bh6 Be5 27. Bxf5 Qd6 28. f4 Qxh6 29. Rxe5 Qxf4 30. Qg3 Qxg3 31. Rxg3 Raf8 32. Be6 Rf1+ 33. Kh2 R1f2+ 34. Kh3 R2f3 35. Bxd5 Bd7+ 36. Kh2 Rf2+ 37. Rg2 R2f4 38. Reg5 Rxh4+ 39. Kg1 h6 40. Rg8+ Rxg8 41. Rxg8+ Kh7 42. Rf8 Bh3 43. Rf7+ Kh8 44. Bf3 a5 45. Kf2 Be6 46. Re7 Rh2+ 47. Kg3 Rxc2 48. Rxe6 Rxb2 49. Rxh6+ Kg7 50. Rc6 d3 51. h6+ 1-0

[Event "DEN-chT 1617 55th"]
[Site "Denmark"]
[Date "2017.01.29"]
[Round "6.7"]
[White "Christensen, Stefan"]
[Black "Jakobsen, Peter"]
[Result "1/2-1/2"]
[WhiteElo "2269"]
[BlackElo "2201"]
[PlyCount "115"]
[EventDate "2016.10.29"]
[EventType "team-tourn"]
[EventRounds "9"]
[EventCountry "DEN"]
[SourceTitle "EXT 2018"]
[Source "ChessBase"]
[SourceDate "2017.10.13"]
[SourceVersion "1"]
[SourceVersionDate "2017.10.13"]
[SourceQuality "1"]
[WhiteTeam "Jetsmark"]
[BlackTeam "Nordkalotten"]
[WhiteTeamCountry "DEN"]
[BlackTeamCountry "DEN"]

1. e4 c5 2. Nf3 d6 3. Bc4 Nf6 4. d3 Nc6 5. c3 e6 6. Bb3 Be7 7. 0-0 0-0 8. Re1 h6 9. Nbd2 Bd7 10. Nf1 b5 11. Ng3 Ne5 12. d4 Nxf3+ 13. Qxf3 e5 14. dxe5 dxe5 15. Nf5 Bxf5 16. Qxf5 c4 17. Bc2 Bc5 18. Kh1 Re8 19. b4 Bb6 20. a4 bxa4 21. Bxa4 Re6 22. Bc2 Ne8 23. f4 Qh4 24. g3 Qe7 25. Qh3 exf4 26. gxf4 Nd6 27. e5 Qb7+ 28. Qg2 Qxg2+ 29. Kxg2 f6 30. Be3 Bxe3 31. Rxe3 fxe5 32. fxe5 Rae8 33. Ra5 Nf7 34. Rxa7 Rxe5 35. Rxe5 Nxe5 36. Be4 Rd8 37. Rc7 Ng4 38. Kg3 Ne3 39. Rc5 Rd3 40. Bxd3 cxd3 41. Rc8+ Kf7 42. Rd8 d2 43. Rxd2 Nf1+ 44. Kf4 Nxd2 45. h3 Ke6 46. Ke3 Nc4+ 47. Kd4 Nd6 48. c4 g5 49. b5 h5 50. b6 Kd7 51. c5 Nf5+ 52. Ke4 Ne7 53. Ke5 Kc6 54. Ke4 Kb7 55. Ke5 Ng6+ 56. Kf5 g4 57. hxg4 hxg4 58. Kxg4 1/2-1/2

[Event "DEN-chT 1314 52nd"]
[Site "Denmark"]
[Date "2014.01.12"]
[Round "5.6"]
[White "Christensen, Stefan"]
[Black "Boe, Mads"]
[Result "1/2-1/2"]
[WhiteElo "2290"]
[BlackElo "2361"]
[PlyCount "20"]
[EventDate "2013.11.02"]
[EventType "team-tourn"]
[EventRounds "9"]
[EventCountry "DEN"]
[SourceTitle "EXT 2015"]
[Source "ChessBase"]
[SourceDate "2014.11.20"]
[SourceVersion "1"]
[SourceVersionDate "2014.11.20"]
[SourceQuality "1"]
[WhiteTeam "Jetsmark"]
[BlackTeam "Nordea"]
[WhiteTeamCountry "DEN"]
[BlackTeamCountry "DEN"]

1. e4 c5 2. Nf3 d6 3. d4 cxd4 4. Qxd4 Nc6 5. Bb5 Bd7 6. Bxc6 Bxc6 7. Nc3 Nf6 8. Bg5 e6 9. 0-0-0 Be7 10. Rhe1 Qa5 1/2-1/2

[Event "DEN-chT 1314 52nd"]
[Site "Denmark"]
[Date "2014.01.11"]
[Round "4.6"]
[White "Ochsner, Thomas"]
[Black "Christensen, Stefan"]
[Result "1-0"]
[WhiteElo "2314"]
[BlackElo "2290"]
[PlyCount "95"]
[EventDate "2013.11.02"]
[EventType "team-tourn"]
[EventRounds "9"]
[EventCountry "DEN"]
[SourceTitle "EXT 2015"]
[Source "ChessBase"]
[SourceDate "2014.11.20"]
[SourceVersion "1"]
[SourceVersionDate "2014.11.20"]
[SourceQuality "1"]
[WhiteTeam "Aarhus/Skolerne"]
[BlackTeam "Jetsmark"]
[WhiteTeamCountry "DEN"]
[BlackTeamCountry "DEN"]

1. e4 e6 2. d4 d5 3. Nd2 c5 4. exd5 exd5 5. Ngf3 Nc6 6. Bb5 Bd6 7. 0-0 Nge7 8. dxc5 Bxc5 9. Nb3 Bb6 10. Re1 0-0 11. Be3 Bc7 12. Bc5 Bd6 13. Bxc6 bxc6 14. Qe2 Ng6 15. Nfd4 Bxc5 16. Nxc5 Qb6 17. Ndb3 Qc7 18. Rad1 Rb8 19. Rd4 Rb5 20. Qe3 Qb6 21. Ra4 Rb4 22. Qc3 Rxa4 23. Nxa4 Qb5 24. Nac5 Qb8 25. Nd3 Bd7 26. Ndc5 Bc8 27. Nd4 Qc7 28. Nd3 Bd7 29. Qc5 Rc8 30. b4 h6 31. a4 Qb8 32. Re3 Qc7 33. c3 Qb8 34. a5 Qc7 35. h3 Qb8 36. Nf3 Qc7 37. Qd4 Re8 38. Nde5 Nxe5 39. Nxe5 f6 40. Nxd7 Qxd7 41. Rxe8+ Qxe8 42. Qxa7 Qe1+ 43. Kh2 Qe5+ 44. g3 Qxc3 45. Qc5 d4 46. a6 Qa3 47. a7 d3 48. Qa5 1-0

[Event "DEN-chT 1314 52nd"]
[Site "Denmark"]
[Date "2013.11.03"]
[Round "2.6"]
[White "Christensen, Stefan"]
[Black "Rewitz, Poul"]
[Result "1-0"]
[WhiteElo "2290"]
[BlackElo "2233"]
[PlyCount "139"]
[EventDate "2013.11.02"]
[EventType "team-tourn"]
[EventRounds "9"]
[EventCountry "DEN"]
[SourceTitle "EXT 2015"]
[Source "ChessBase"]
[SourceDate "2014.11.20"]
[SourceVersion "1"]
[SourceVersionDate "2014.11.20"]
[SourceQuality "1"]
[WhiteTeam "Jetsmark"]
[BlackTeam "Copenhagen 68"]
[WhiteTeamCountry "DEN"]
[BlackTeamCountry "DEN"]

1. e4 d6 2. d4 Nf6 3. Nc3 g6 4. Be3 Bg7 5. Qd2 0-0 6. Nf3 Re8 7. Bd3 a6 8. h3 Nc6 9. 0-0-0 b5 10. e5 Nd7 11. Be4 Bb7 12. Bh6 Qb8 13. Bxg7 Kxg7 14. Qf4 Nd8 15. h4 b4 16. Nd5 Ne6 17. Qd2 h6 18. Qxb4 Nb6 19. Nc3 a5 20. Qb5 Ba6 21. Qc6 a4 22. Nb5 Rc8 23. Na3 Ra7 24. Qc3 c5 25. d5 Nf4 26. exd6+ f6 27. Kb1 exd6 28. Qd2 Ne2 29. Ka1 Re8 30. Bd3 Bxd3 31. Qxd3 Nf4 32. Qd2 Nfxd5 33. c4 Nb4 34. Qxd6 Qc8 35. Qxb6 Rb7 36. Qd6 Re2 37. Rd2 Ree7 38. Rhd1 Qf5 39. Qd8 Qg4 40. Qa8 Qxg2 41. Ne1 Qe4 42. Rd8 Qe5 43. Rb1 f5 44. Rh8 Rf7 45. Qg8+ Kf6 46. Rxh6 Rg7 47. Qd8+ Qe7 48. Rh8 Rd7 49. Qxe7+ Rgxe7 50. Nac2 Rd2 51. Nxb4 cxb4 52. Rb8 b3 53. axb3 a3 54. Ka2 axb2 55. b4 Rxf2 56. Rb6+ Kg7 57. b5 Rfe2 58. Nd3 R7e4 59. Rc6 R2e3 60. Nc5 Re8 61. Rxb2 f4 62. b6 f3 63. b7 Re2 64. Nd3 Rb8 65. Rc7+ Kf6 66. c5 Kf5 67. c6 Ke4 68. Nf2+ Kd4 69. Rc8 Kc3 70. Nd1+ 1-0

[Event "EU-Cup 29th"]
[Site "Rhodes"]
[Date "2013.10.25"]
[Round "6.5"]
[White "Christensen, Stefan"]
[Black "Dorrington, Christopher"]
[Result "1/2-1/2"]
[WhiteElo "2278"]
[BlackElo "2313"]
[PlyCount "105"]
[EventDate "2013.10.20"]
[EventType "team-swiss"]
[EventRounds "7"]
[EventCountry "GRE"]
[SourceTitle "CBM 157"]
[Source "ChessBase"]
[SourceDate "2013.11.12"]
[SourceVersion "1"]
[SourceVersionDate "2013.11.12"]
[SourceQuality "1"]
[WhiteTeam "Jetsmark"]
[BlackTeam "Barbican"]
[WhiteTeamCountry "DEN"]
[BlackTeamCountry "ENG"]

1. e4 Nf6 2. e5 Nd5 3. d4 d6 4. c4 Nb6 5. exd6 cxd6 6. Nc3 g6 7. Be3 Bg7 8. Rc1 Nc6 9. b3 0-0 10. Nf3 Bg4 11. Be2 d5 12. c5 Nc8 13. 0-0 e6 14. Ne5 Nxe5 15. Bxg4 Nc6 16. Ne2 f5 17. Bh3 g5 18. g3 Qf6 19. Qd2 h6 20. b4 a6 21. f3 N8e7 22. Rb1 Rfb8 23. b5 axb5 24. Rxb5 Ra4 25. Rfb1 Rba8 26. Rxb7 Rxa2 27. Qd1 R8a3 28. R7b3 Rxb3 29. Rxb3 Qf8 30. Nc3 Ra5 31. Nb5 Ra4 32. Bf2 Qa8 33. Qe2 Nd8 34. Nc7 Qc6 35. Nb5 Qa8 36. Nc7 Qc6 37. Nb5 Qa6 38. Bf1 Nec6 39. Qd1 Qa5 40. Rb1 Ra2 41. Qd3 Ra1 42. Rxa1 Qxa1 43. g4 Ne7 44. gxf5 Nxf5 45. Nd6 Nxd6 46. cxd6 Qa4 47. Qg6 Qd7 48. Bd3 Qf7 49. Qh7+ Kf8 50. Kg2 Qg8 51. Qg6 Qf7 52. Qh7 Qg8 53. Qg6 1/2-1/2

[Event "EU-Cup 29th"]
[Site "Rhodes"]
[Date "2013.10.24"]
[Round "5.4"]
[White "Bjerre, Tavs"]
[Black "Christensen, Stefan"]
[Result "0-1"]
[WhiteElo "2019"]
[BlackElo "2278"]
[PlyCount "66"]
[EventDate "2013.10.20"]
[EventType "team-swiss"]
[EventRounds "7"]
[EventCountry "GRE"]
[SourceTitle "CBM 157"]
[Source "ChessBase"]
[SourceDate "2013.11.12"]
[SourceVersion "1"]
[SourceVersionDate "2013.11.12"]
[SourceQuality "1"]
[WhiteTeam "Skanderborg Nordea"]
[BlackTeam "Jetsmark"]
[WhiteTeamCountry "DEN"]
[BlackTeamCountry "DEN"]

1. d4 d5 2. c4 c6 3. Nf3 Nf6 4. e3 Bg4 5. h3 Bxf3 6. Qxf3 e6 7. Nc3 Nbd7 8. Bd2 Bd6 9. cxd5 exd5 10. g4 Nf8 11. 0-0-0 Ne6 12. h4 Qe7 13. Kb1 0-0-0 14. Bc1 Kb8 15. Bg2 h6 16. e4 dxe4 17. Nxe4 Nd5 18. Nxd6 Rxd6 19. Qg3 Ka8 20. Rhe1 Rd7 21. f4 Qd6 22. Bxd5 Qxd5 23. Qc3 Nxd4 24. Be3 c5 25. b4 b6 26. bxc5 bxc5 27. Rc1 Rc8 28. Red1 Qe4+ 29. Ka1 Nc2+ 30. Qxc2 Qxc2 31. Rxc2 Rxd1+ 32. Kb2 c4 33. Bd2 Rxd2 0-1

[Event "EU-Cup 29th"]
[Site "Rhodes"]
[Date "2013.10.23"]
[Round "4.4"]
[White "Christensen, Stefan"]
[Black "Boel, Marcel"]
[Result "1/2-1/2"]
[WhiteElo "2278"]
[BlackElo "2231"]
[PlyCount "130"]
[EventDate "2013.10.20"]
[EventType "team-swiss"]
[EventRounds "7"]
[EventCountry "GRE"]
[SourceTitle "CBM 157"]
[Source "ChessBase"]
[SourceDate "2013.11.12"]
[SourceVersion "1"]
[SourceVersionDate "2013.11.12"]
[SourceQuality "1"]
[WhiteTeam "Jetsmark"]
[BlackTeam "Apeldoorn"]
[WhiteTeamCountry "DEN"]
[BlackTeamCountry "NED"]

1. e4 e5 2. Bc4 Nf6 3. d3 Bc5 4. Nf3 Nc6 5. c3 0-0 6. 0-0 Bb6 7. Re1 d6 8. Bb3 Ne7 9. Nbd2 c6 10. h3 Ng6 11. Nf1 Nh5 12. d4 Nhf4 13. Bxf4 exf4 14. N1d2 Bc7 15. a4 Qf6 16. Nc4 Be6 17. d5 Bd7 18. dxc6 Bxc6 19. Nd4 d5 20. Nd2 dxe4 21. Nxe4 Bxe4 22. Rxe4 Rad8 23. Qe2 a6 24. Re1 h6 25. Ne6 f3 26. Qxf3 Qxf3 27. gxf3 fxe6 28. Rxe6 Nf4 29. Re7+ Kh8 30. Rxc7 Nxh3+ 31. Kg2 Nf4+ 32. Kg3 Nh5+ 33. Kh4 Nf4 34. Kg4 Rd6 35. Rf7 Rxf7 36. Bxf7 Nd3 37. Re8+ Kh7 38. b3 Rf6 39. Bg8+ Kg6 40. Re6 Nxf2+ 41. Kg3 Nd1 42. Rxf6+ Kxf6 43. c4 a5 44. Kf4 Nc3 45. Ke3 Ke5 46. f4+ Kd6 47. Kd4 Ne2+ 48. Ke4 Nc1 49. Kf5 Nxb3 50. Kg6 Nc5 51. Kxg7 Nxa4 52. Kxh6 Nc5 53. Bh7 Ke7 54. Kg5 a4 55. Bb1 a3 56. f5 Ne4+ 57. Kg6 Kf8 58. Ba2 b6 59. Bb3 Nc5 60. Ba2 Nd3 61. Kf6 Nc1 62. Bb1 Ne2 63. Ba2 Nc1 64. Bb1 Ne2 65. Ba2 Nc1 1/2-1/2

[Event "EU-Cup 29th"]
[Site "Rhodes"]
[Date "2013.10.20"]
[Round "1.5"]
[White "Christensen, Stefan"]
[Black "Schlenter, Ruediger"]
[Result "1-0"]
[WhiteElo "2278"]
[BlackElo "1929"]
[PlyCount "79"]
[EventDate "2013.10.20"]
[EventType "team-swiss"]
[EventRounds "7"]
[EventCountry "GRE"]
[SourceTitle "CBM 157"]
[Source "ChessBase"]
[SourceDate "2013.11.12"]
[SourceVersion "1"]
[SourceVersionDate "2013.11.12"]
[SourceQuality "1"]
[WhiteTeam "Jetsmark"]
[BlackTeam "Muelheim"]
[WhiteTeamCountry "DEN"]
[BlackTeamCountry "GER"]

1. e4 d6 2. d4 g6 3. Nc3 Bg7 4. Nf3 a6 5. Be2 b5 6. a3 Bb7 7. 0-0 e6 8. Bg5 Ne7 9. Qd2 h6 10. Be3 Nd7 11. Rad1 Rc8 12. Rfe1 Kf8 13. e5 Bxf3 14. Bxf3 d5 15. a4 b4 16. Na2 a5 17. c3 b3 18. Nc1 Rb8 19. Be2 c6 20. c4 Rb4 21. c5 Nf5 22. Qc3 Qb8 23. f4 h5 24. Bf2 Bh6 25. g3 Kg7 26. h3 Kf8 27. Rd3 h4 28. g4 Ng3 29. Bxg3 hxg3 30. g5 Bg7 31. Rxg3 Rh4 32. Bg4 Rc4 33. Qxa5 Rxd4 34. Rxb3 Qc8 35. Rb4 Rd2 36. Qa7 Rc2 37. Rb7 Ke8 38. b4 Bf8 39. Rc7 Qd8 40. Qb7 1-0

[Event "DEN-chT 1213"]
[Site "Denmark"]
[Date "2013.03.10"]
[Round "9.3"]
[White "Petersen, Tom Petri"]
[Black "Christensen, Stefan"]
[Result "1/2-1/2"]
[WhiteElo "2331"]
[BlackElo "2296"]
[PlyCount "138"]
[EventDate "2012.10.27"]
[EventType "team-tourn"]
[EventRounds "9"]
[EventCountry "DEN"]
[SourceTitle "EXT 2014"]
[Source "ChessBase"]
[SourceDate "2013.11.20"]
[SourceVersion "1"]
[SourceVersionDate "2013.11.20"]
[SourceQuality "1"]
[WhiteTeam "Nordre"]
[BlackTeam "Jetsmark"]
[WhiteTeamCountry "DEN"]
[BlackTeamCountry "DEN"]

1. Nf3 d5 2. g3 Nf6 3. Bg2 c6 4. 0-0 Bf5 5. c4 e6 6. b3 Be7 7. Bb2 0-0 8. d3 h6 9. Nbd2 a5 10. a3 Nbd7 11. Bc3 Qc7 12. Qc2 Bh7 13. Qb2 Rfe8 14. Ne5 Nc5 15. Rac1 Bf8 16. Bd4 Nfd7 17. Rfe1 Nxe5 18. Bxe5 Qe7 19. Nb1 Nd7 20. Bc3 Qd6 21. Qd2 b6 22. cxd5 cxd5 23. Qb2 Rac8 24. b4 axb4 25. Bxb4 Qe5 26. Qxe5 Nxe5 27. Nc3 Bxb4 28. axb4 Nc6 29. Na4 Nd4 30. Bf1 b5 31. Nb6 Rb8 32. Nd7 Ra8 33. Kg2 Ra4 34. e3 Nb3 35. Rc3 Nd2 36. Rec1 Nxf1 37. Nb6 Ra6 38. Rc8 Kf8 39. Nd7+ Ke7 40. Rxe8+ Kxe8 41. Nc5 Nxe3+ 42. Kf3 Ra3 43. Kxe3 e5 44. Kd2 Ke7 45. h4 Bf5 46. Rc3 Rxc3 47. Kxc3 d4+ 48. Kd2 Kd6 49. Ke2 Kd5 50. f3 Bc8 51. g4 f5 52. gxf5 Bxf5 53. Kf2 g5 54. hxg5 hxg5 55. Ke2 g4 56. fxg4 Bxg4+ 57. Kd2 Bf5 58. Nb3 Bg4 59. Nc5 Bf3 60. Nb3 Bh5 61. Nc5 Bg6 62. Nb7 Bh7 63. Na5 e4 64. dxe4+ Kxe4 65. Nc6 d3 66. Na7 Kd4 67. Nxb5+ Kc4 68. Nc3 Kxb4 69. Na2+ Kc4 1/2-1/2

[Event "DEN-chT 1213"]
[Site "Denmark"]
[Date "2013.02.17"]
[Round "7.3"]
[White "Christensen, Stefan"]
[Black "Skytte, Rasmus"]
[Result "0-1"]
[WhiteElo "2296"]
[BlackElo "2406"]
[PlyCount "56"]
[EventDate "2012.10.27"]
[EventType "team-tourn"]
[EventRounds "9"]
[EventCountry "DEN"]
[SourceTitle "EXT 2014"]
[Source "ChessBase"]
[SourceDate "2013.11.20"]
[SourceVersion "1"]
[SourceVersionDate "2013.11.20"]
[SourceQuality "1"]
[WhiteTeam "Jetsmark"]
[BlackTeam "Aarhus/Skolerne"]
[WhiteTeamCountry "DEN"]
[BlackTeamCountry "DEN"]

1. e4 d6 2. d4 Nf6 3. Nc3 g6 4. Be3 a6 5. Bd3 Bg7 6. Nf3 b5 7. e5 Ng4 8. Bf4 b4 9. Ne4 Nc6 10. exd6 cxd6 11. h3 Nf6 12. Nxf6+ Bxf6 13. Bh6 Qa5 14. Bc4 Bb7 15. Qd2 Nxd4 16. Nxd4 Qc5 17. Bxf7+ Kxf7 18. 0-0-0 Rhc8 19. Nf3 Be4 20. Ne1 Qe5 21. Nd3 Bxd3 22. Qxd3 Qxb2+ 23. Kd2 Qxa2 24. Qb3+ Qxb3 25. cxb3 Rc3 26. Rb1 Rac8 27. Rhc1 Bd4 28. f3 e5 0-1

[Event "DEN-ch cand"]
[Site "Helsingor"]
[Date "2012.04.07"]
[Round "5"]
[White "Palm, Nikolaj"]
[Black "Christensen, Stefan"]
[Result "1/2-1/2"]
[WhiteElo "2287"]
[BlackElo "2286"]
[PlyCount "110"]
[EventDate "2012.04.03"]
[EventType "swiss"]
[EventRounds "7"]
[EventCountry "DEN"]
[SourceTitle "EXT 2018"]
[Source "ChessBase"]
[SourceDate "2017.10.13"]
[SourceVersion "1"]
[SourceVersionDate "2017.10.13"]
[SourceQuality "1"]

1. d4 Nf6 2. Nf3 g6 3. e3 Bg7 4. b3 c5 5. Bb2 cxd4 6. exd4 0-0 7. Bd3 d5 8. 0-0 Nc6 9. Re1 Nb4 10. Bf1 Bf5 11. Na3 Rc8 12. c3 Nc6 13. Nc2 Bxc2 14. Qxc2 Ne4 15. Qe2 Re8 16. c4 e6 17. g3 Qa5 18. Ne5 Nd6 19. Nxc6 bxc6 20. c5 Nf5 21. Qd3 Rb8 22. Bc3 Qc7 23. f4 a5 24. Re2 Ra8 25. Rd1 Reb8 26. g4 Ne7 27. Qf3 a4 28. b4 a3 29. Bh3 Kh8 30. Kh1 Ng8 31. Bg2 Nf6 32. Qg3 Qb7 33. h3 Qb5 34. Qd3 Qxd3 35. Rxd3 Ne8 36. Re1 Nc7 37. Rb1 Ra4 38. Rb3 Na6 39. Rd1 Nc7 40. Bf1 Nb5 41. Ba1 Kg8 42. Kg2 Nc7 43. Bc3 Kf8 44. Kf3 Ke7 45. Ke3 Kd7 46. Be2 Bh6 47. h4 Bg7 48. Rh1 h6 49. Bd3 Ke7 50. Rhb1 Nb5 51. Ba1 Kd7 52. Bc2 Raa8 53. Bd3 Ra4 54. Rf1 Nc7 55. Bc3 Nb5 1/2-1/2

[Event "DEN-chT 1112 50th"]
[Site "Denmark"]
[Date "2012.03.11"]
[Round "9.4"]
[White "Andersen, Mads"]
[Black "Christensen, Stefan"]
[Result "1-0"]
[WhiteElo "2398"]
[BlackElo "2278"]
[PlyCount "83"]
[EventDate "2011.10.29"]
[EventType "team-tourn"]
[EventRounds "9"]
[EventCountry "DEN"]
[SourceTitle "EXT 2013"]
[Source "ChessBase"]
[SourceDate "2012.11.22"]
[SourceVersion "1"]
[SourceVersionDate "2012.11.22"]
[SourceQuality "1"]
[WhiteTeam "Nordea"]
[BlackTeam "Jetsmark"]
[WhiteTeamCountry "DEN"]
[BlackTeamCountry "DEN"]

1. d4 Nf6 2. c4 g6 3. Nc3 d5 4. Bf4 Bg7 5. e3 0-0 6. Nf3 c5 7. dxc5 Qa5 8. Rc1 dxc4 9. Bxc4 Qxc5 10. Bb3 Qa5 11. 0-0 Nc6 12. h3 Bf5 13. Qe2 Ne4 14. g4 Nxc3 15. bxc3 Bd7 16. Rfd1 Rad8 17. Rd5 Qa3 18. Rcd1 Be6 19. Rxd8 Rxd8 20. Rxd8+ Nxd8 21. Qb5 Bxb3 22. axb3 Ne6 23. Qxb7 Nxf4 24. exf4 Qc1+ 25. Kg2 Qxf4 26. Qa8+ Bf8 27. Qxa7 e5 28. Qc7 f6 29. b4 Qc1 30. b5 e4 31. Nd4 e3 32. Qc4+ Kg7 33. Ne6+ Kf7 34. Nxf8+ Kxf8 35. Qc5+ Kf7 36. Qxe3 Qb2 37. c4 Qb4 38. Qe4 Kg7 39. Qc6 f5 40. gxf5 gxf5 41. b6 Qd2 42. Qc7+ 1-0